NYC TAXI FROM HELL Quiz Stats

 Plays Quiz not verified by Sporcle

Also try: Imposing Neighbors
Challenge
Share
Tweet
Embed
Score 0/53 Timer 14:00
0 Plays Today
% Correct
JFK International
100%
Queens
76.2%
Ellis Island
61.9%
National September 11 Memorial and Museum
61.9%
The Belt Parkway
57.1%
Coney Island
57.1%
Staten Island
57.1%
The Statue of LIberty
57.1%
Chinatown
57.1%
Verrazano Narrows Bridge
52.4%
Manhattan
52.4%
Brooklyn
52.4%
The Manhattan Bridge
52.4%
Yankee Stadium
52.4%
Brighton Beach
47.6%
The Bronx
47.6%
The Van Wyck Expressway
47.6%
I-95
47.6%
Harlem
47.6%
Central Park
47.6%
The Metropolitan Museum of Art
47.6%
Rockaway Park
42.9%
The Brooklyn Queens Expressway
42.9%
Kosciuszko Bridge
42.9%
Major Deegan Expressway
42.9%
Central Park Zoo
42.9%
Bensonhurst
38.1%
% Correct
South Ozone Park
38.1%
Sheepshead Bay
38.1%
The Bronx Zoo
38.1%
The East Bronx
38.1%
Arthur Avenue
38.1%
Broad Channel
33.3%
Gil Hodges Marine Park Memorial Bridge
33.3%
Gravesend
33.3%
The Long Island Expressway
33.3%
Forest Hills
33.3%
Flushing
33.3%
Northern Boulevard
33.3%
The Throgs Neck Bridge
33.3%
Trump Tower
33.3%
The Cross Bay Veteran's Memorial Bridge
28.6%
The Clearview Expressway
28.6%
Madison Avenue Bridge
28.6%
The Solomon R. Guggenheim Museum
28.6%
Howard Beach
23.8%
Whitestone
23.8%
The Boston Post Road
23.8%
The Joseph P. Addabbo Memorial Bridge
19%
The Bronx River Parkway
19%
Fordham Road
19%
Marine Park
19%
Bayside
14.3%

You're not logged in!

Compare scores with friends on all Sporcle quizzes.
Join for Free
OR
Log In

You Might Also Like...

Show Comments

Extras

Top Quizzes Today


Score Distribution

Your Account Isn't Verified!

In order to create a playlist on Sporcle, you need to verify the email address you used during registration. Go to your Sporcle Settings to finish the process.

Report this User

Report this user for behavior that violates our Community Guidelines.

Details: